01246nam a22003377a 4500003000500000005001700005008004100022010001000063011001000073035001000083040000900093082001400102110005600116245010100172260005800273300002000331590004100351590004100392590004100433590004100474590004200515650003900557650002800596650002900624650002000653901000700673942001000680949006700690999001700757952013400774CHAP20220817041741.0971013s1980 r 00010 d a23322 a24294 a28393 cCHAP a627.8bC6 aComisión Federal de Electricidad. México925716 aComportamiento de las presas El Infiernillo y La Villita, incluído el temblor de mayo 14, 1979 aMéxico :bComisión Federal de Electricidad,c1980 a146 p.b: ilus. aBATCH-UPDb10c20130110lUCH01h0221 aBATCH-UPDb10c20130110lUCH01h1223 aBATCH-UPDb10c20130409lUCH01h2241 aBATCH-UPDb10c20130914lUCH01h1935 aCONVERSIONb10c20130109lUCH01h131414aPresa El Infiernillo, Mich.99143314aPresa la Villita, Mich.14aPresasxMéxico.99149314aSismos.9106696 aBK cLIBRO a627.8 C6bBCcLIBROd33724000022497eLIBROh58318i28393mDsi c23322d23322 00102ddc4052708GRALaBCbBCcPP_GRALd2019-12-31fLIBROl0o627.8 C6p33724000022497r2019-12-31 00:00:00w2019-12-31yLIBRO